000 00866nam a22003015b 4500
001 446
003 DO-SdBPM
005 20250610132705.0
007 446
008 950710s1999 sp a | |||| ||spa
017 _a
_b
020 _a8424179013
040 _aDO-SdBPM
_bspa
_cBPMSU
_e
082 4 _a863.6
_bL431m 1999
_222
100 1 _aLázaro, Georgina
_d
245 1 0 _aMi gorrita /
_cGeorgina Lázaro
_h
250 _a
260 _aLeón, España :
_bEditorial Everest,
_c1999
300 _a45 p. :
_bil. ;
_c20 cm
490 0 _aMontaña encantada;
_aPrimeros lectores,
_v
590 _aInventariado, 2025/VM
600 _2
650 4 _aCuentos infantiles españoles
650 4 _aAnimales
_vCuentos infantiles
650 4 _aLiteratura infantil española
910 _aVMateo V. Control de calidad. BPMSU
942 _2ddc
_cBK
999 _c15145
_d15145